Las condiciones materiales de la libertad

Збережено в:
Бібліографічні деталі
Автор: Raventós, Daniel
Інші автори: Domènech, Antoni
Формат: Електронний ресурс eКнига
Мова:Іспанська
Опубліковано: [Mataro (Barcelona)] : El Viejo Topo / Ediciones de Intervención Cultural, S.L., [2007].
Серія:Digitalia eBook Collection: El Viejo Topo.
Предмети:
Онлайн доступ:Digitalia Hispánica
Теги: Додати тег
Немає тегів, Будьте першим, хто поставить тег для цього запису!

MARC

LEADER 00000nam a2200000Ia 4500
001 DIGVIETO047
003 NyNyDIG
006 m d
007 cr |||||||||||
008 130601s2007 sp o 000 0 spa d
020 |z 9788496831315 (pbk.) 
020 |z 8496831310 (pbk.) 
040 |a DGITA  |b eng  |e pn  |c DGITA 
050 4 |a HC79.I5 ebook 
100 1 |a Raventós, Daniel. 
245 1 4 |a Las condiciones materiales de la libertad   |h [electronic resource] /  |c Daniel Raventós ; prólogo de Antoni Domènech. 
260 |a [Mataro (Barcelona)] :  |b El Viejo Topo / Ediciones de Intervención Cultural, S.L.,  |c [2007].  |e (New York, NY. :  |f Digitalia Inc,   |g 2012). 
300 |a 1 online resource (244 p.) 
506 |a Access restricted to subscribing institutions. 
650 0 |a Guaranteed annual income.  
650 0 |a Income distribution.  
650 0 |a Income maintenance programs.  
650 0 |a Welfare state.  
655 0 |a Electronic books. 
700 1 |a Domènech, Antoni. 
791 2 |a Digitalia (Firm),  |e distributor. 
830 0 |a Digitalia eBook Collection: El Viejo Topo. 
856 4 0 |3 Digitalia Hispánica  |u https://digitalia.unach.elogim.com/a/19403/